GATCA: Globální automatická výměna daňových informací

Podpora medzinárodnej daňovej spolupráce. Deklarácia, ktorou sa Česká republika pripojila k dohode o automatickej výmene informácií o finančných účtoch, jej cieľom je boj proti daňovým únikom.

Salvato in:
Dettagli Bibliografici
Autore principale: Murínová, Drahomíra
Natura: Capitolo di libro
Lingua:ceco
Soggetti:
Tags: Aggiungi Tag
Nessun Tag, puoi essere il primo ad aggiungerne!!

MARC

LEADER 00000naa a2200000 4500
001 0208651
005 20220729104829.6
041 0 |a cze 
044 |a CZ 
245 1 0 |a GATCA: Globální automatická výměna daňových informací  |c Drahomíra Murínová 
520 |a Podpora medzinárodnej daňovej spolupráce. Deklarácia, ktorou sa Česká republika pripojila k dohode o automatickej výmene informácií o finančných účtoch, jej cieľom je boj proti daňovým únikom. 
610 2 0 |a Česko 
610 2 0 |a informácie ekonomické 
610 2 0 |a podvody daňové 
610 2 0 |a povinnosť oznamovacia 
610 2 0 |a transparentnosť 
610 2 0 |a spolupráca medzinárodná 
100 1 |a Murínová, Drahomíra